[Event "WY BU16 2012"]
[Site "Maribor SLO"]
[Date "2012.11.18"]
[Round "11.5"]
[White "Bortnik,A"]
[Black "Ebeling,D"]
[Result "1/2-1/2"]
[WhiteElo "2368"]
[BlackElo "2359"]

1.d4 Nf6 2.Nf3 e6 3.c4 Bb4+ 4.Nc3 c5 5.e3 O-O 6.dxc5 Na6 7.Bd2 Bxc5 8.a3 b6
9.b4 Be7 10.Bd3 Bb7 11.e4 d5 12.cxd5 exd5 13.e5 Ne4 14.O-O Nc7 15.Nd4 Re8
16.Nce2 Nxd2 17.Qxd2 Bf8 18.f4 a5 19.Rac1 g6 20.Qc2 Rc8 21.Qa4 axb4 22.Qa7 Ba8
23.axb4 Bxb4 24.Qxb6 Bd2 25.Rc2 Be3+ 26.Kh1 Ne6 27.Rxc8 Qxc8 28.f5 Nxd4 29.fxg6 fxg6
30.Nxd4 Qb8 31.Qf6 Qxe5 32.Qf7+ Kh8 33.Bb5 Rg8 34.Ne6 Bh6 35.Qd7 d4 36.Rf7 Bg7
37.Bf1 d3 38.Nf4 Be4 39.Nxd3 Bxd3 40.Qxd3 Rf8 41.Rxf8+ Bxf8 42.g3 Bc5 43.Qd8+ Kg7
44.Qd7+ Qe7 45.Qxe7+ Bxe7 46.Kg2 g5 47.g4  1/2-1/2

[Event "2nd UNAM Open Section I 2012"]
[Site "Mexico City MEX"]
[Date "2012.11.22"]
[Round "2.5"]
[White "Hernandez Carmenates,Hold"]
[Black "Benitez Lozano,J"]
[Result "1-0"]
[WhiteElo "2562"]
[BlackElo "2238"]

1.d4 Nf6 2.c4 e6 3.Nc3 Bb4 4.Nf3 b6 5.e3 Bb7 6.Bd3 c5 7.O-O O-O 8.Na4 cxd4
9.exd4 d5 10.c5 bxc5 11.dxc5 Bc6 12.Bf4 Bxa4 13.Qxa4 Bxc5 14.Rac1 Bd6 15.Rc2 Bxf4
16.Qxf4 Nbd7 17.Rfc1 Qb8 18.Qa4 Nb6 19.Qd4 Rc8 20.Rxc8+ Nxc8 21.Ne5 Qb6 22.Qxb6 Nxb6
23.Rc7 Na4 24.b3 Ne8 25.Rxf7 Nc5 26.Bb5 Nd6 27.Rc7 Rc8 28.Rxc8+ Nxc8 29.b4 Nd6
30.Bf1 Ncb7 31.Nc6 Nc8 32.a4 Kf8 33.a5 Nbd6 34.g3 Ke8 35.Bh3 Nf5 36.g4 Nh4
37.f4 g5 38.fxg5 Kd7 39.b5 Nf3+ 40.Kf2 Nxg5 41.Bf1 Kd6 42.h4 Ne4+ 43.Ke3 h6
44.Bd3 Nf6 45.Kf4 a6 46.g5 Nh5+ 47.Kg4 hxg5 48.Kxg5 Ng3 49.Kg4 Ne4 50.Bxe4 dxe4
51.h5 e3 52.Kf3 Kc7 53.h6 Nd6 54.Ne5  1-0

[Event "Frau Bundesliga Div1 2012-13"]
[Site "Germany GER"]
[Date "2012.12.01"]
[Round "3.1"]
[White "Cmilyte,V"]
[Black "Paehtz,E"]
[Result "1-0"]
[WhiteElo "2528"]
[BlackElo "2482"]

1.d4 e6 2.c4 Nf6 3.Nc3 Bb4 4.Nf3 c5 5.g3 Ne4 6.Bd2 Nxd2 7.Qxd2 cxd4 8.Nxd4 Nc6
9.Nc2 Be7 10.Bg2 O-O 11.O-O a6 12.Rfd1 Ne5 13.b3 Qc7 14.Rac1 d6 15.Ne3 Nd7
16.b4 Nf6 17.Na4 Rd8 18.b5 Bd7 19.b6 Qb8 20.Nb2 Rc8 21.Nd3 Ba4 22.Re1 Bc6
23.Bh3 Ne4 24.Qa5 Bg5 25.f4 Bd8 26.Nd5 Bd7 27.Red1 Rc6 28.c5 dxc5 29.Ne5 exd5
30.Bxd7 Rd6 31.Be8 Bxb6 32.Bxf7+ Kf8 33.Qa4 c4+ 34.Kg2 Qd8 35.Rxd5 Rxd5 36.Bxd5 Qxd5
37.Nd7+ Kg8 38.Nxb6 Nc5+ 39.Nxd5 Nxa4 40.Rxc4 b5 41.Rc7 a5 42.e4 b4 43.e5 Nb2
44.e6 Nd3 45.Ne7+ Kf8 46.Nf5  1-0

[Event "5th Kolkata Open"]
[Site "Kolkata IND"]
[Date "2012.12.06"]
[Round "4"]
[White "Nolte,R"]
[Black "Prince,Ba"]
[Result "1-0"]
[WhiteElo "2453"]
[BlackElo "2254"]

1.d4 Nf6 2.c4 e6 3.Nc3 Bb4 4.Nf3 b6 5.Bg5 Bb7 6.e3 h6 7.Bh4 Bxc3+ 8.bxc3 d6
9.Nd2 Nbd7 10.f3 Qe7 11.Qa4 O-O 12.Bd3 e5 13.e4 Rfe8 14.O-O Nf8 15.Rfe1 c5
16.d5 Ng6 17.Bf2 Nf4 18.Bf1 Bc8 19.Qc2 Bd7 20.a4 a5 21.Be3 g5 22.g3 Ng6 23.Rab1 Reb8
24.Bg2 Ne8 25.Nf1 Ng7 26.Bd2 Qe8 27.Ra1 Qc8 28.Ne3 Ra7 29.Bf1 Qd8 30.Bd3 Qf6
31.Rf1 Nh5 32.Rf2 Kf8 33.Be2 Ng7 34.Qc1 Ke8 35.Qc2 Kd8 36.Ng4 Qe7 37.Nxh6 Kc7
38.Nf5 Bxf5 39.exf5 Nf8 40.Bd3 Nd7 41.Kg2 Rh8 42.Rh1 Raa8 43.Qc1 f6 44.Be4 Nh5
45.h3 Qh7 46.Rff1 Qg7 47.Kf2 Rh7 48.Rh2 Rah8 49.Rfh1 Qf8 50.Qg1 Rg8 51.Kg2 Nb8
52.Qf2 Qe8 53.Ra1 Rgh8 54.Bc2 Qc8 55.Kh1 Qg8 56.Rd1 Nd7 57.Be4 Nf8 58.Bc2 Nd7
59.Bb3 Nf8 60.Bc2 Qg7 61.Bb1 Nd7 62.Be4 Rg8 63.Be3 Nb8 64.Qb2 Kb7 65.Bf2 Ka7
66.Qe2 Rgh8 67.h4 Nd7 68.hxg5 Qxg5 69.Qe1 Nf8  1-0

[Event "4th London Classic Open"]
[Site "London ENG"]
[Date "2012.12.06"]
[Round "6"]
[White "Bass,J"]
[Black "Bates,C"]
[Result "1/2-1/2"]
[WhiteElo "2065"]
[BlackElo "2200"]

1.d4 Nf6 2.c4 e6 3.Nc3 Bb4 4.Nf3 c5 5.e3 Nc6 6.Bd3 Bxc3+ 7.bxc3 d6 8.Qc2 b6
9.O-O Qc7 10.e4 e5 11.d5 Na5 12.Nh4 O-O 13.Bg5 Ne8 14.Nf5 f6 15.Be3 Kh8 16.f4 g6
17.Ng3 Ba6 18.Qe2 exf4 19.Bxf4 Qd7 20.e5 dxe5 21.Bxe5 Kg8 22.Bf4 Ng7 23.Rae1 Rae8
24.Qf3 Bxc4 25.Bxc4 Nxc4 26.Rxe8 Rxe8 27.Ne4 Qf5 28.Ng3 Qd7 29.Ne4 Rf8 30.Qd3 Nb2
31.Qd2 f5 32.Ng5 Nc4 33.Qd3 b5 34.Nf3 Rd8 35.d6 Ne6 36.Be5 Qc6 37.Re1 Kf7
38.Bg3 Rd7 39.Qxc4 bxc4 40.Ne5+ Kf6 41.Nxc6 f4 42.Bf2 Rxd6 43.Nxa7 Ra6 44.Nb5 Rxa2
45.Nd6 Rc2 46.Nb7 Kf5 47.Nxc5 Nxc5 48.Bxc5 Rxc3 49.Bd4 Rd3 50.Bg7 Rd5 51.Kf2 g5
52.Rc1 Rc5 53.Bd4 Rc6 54.Re1 h5 55.h3 Ra6 56.Re5+ Kg6 57.Rc5 Ra2+ 58.Kf3 Ra3+
59.Ke2 Ra2+ 60.Kf3 Ra3+ 61.Ke2  1/2-1/2

[Event "33rd Crespi Memorial"]
[Site "Milan ITA"]
[Date "2012.12.07"]
[Round "8.9"]
[White "Lapiccirella,D"]
[Black "Aleksic,Nen1"]
[Result "0-1"]
[WhiteElo "2210"]
[BlackElo "2347"]

1.d4 Nf6 2.c4 e6 3.Nc3 Bb4 4.Nf3 b6 5.Bg5 Bb7 6.e3 h6 7.Bh4 Bxc3+ 8.bxc3 d6
9.Nd2 g5 10.Bg3 Qe7 11.h4 Rg8 12.hxg5 hxg5 13.Qa4+ Qd7 14.Qa3 Nc6 15.Be2 O-O-O
16.O-O-O Kb8 17.Rh6 Qe7 18.Qa4 Na5 19.Bf3 Rh8 20.Rdh1 Rxh6 21.Rxh6 Bxf3 22.gxf3 Nd7
23.Nb3 Nxb3+ 24.axb3 Kb7 25.Kd2 e5 26.e4 f5 27.c5 dxc5 28.Qc6+ Kb8 29.exf5 cxd4
30.cxd4 Nc5  0-1

[Event "Bundesliga 2012-13"]
[Site "Emsdetten GER"]
[Date "2012.12.09"]
[Round "6"]
[White "Rogozenco,D"]
[Black "Fish,G"]
[Result "1-0"]
[WhiteElo "2503"]
[BlackElo "2475"]

1.d4 Nf6 2.c4 e6 3.Nc3 Bb4 4.Nf3 c5 5.g3 Ne4 6.Qc2 Qa5 7.Bg2 Nxc3 8.O-O cxd4
9.Nxd4 Nc6 10.bxc3 Bxc3 11.Nb3 Nd4 12.Nxd4 Bxd4 13.Rb1 O-O 14.Rd1 Bc5 15.Rb5 Qc7
16.Bf4 e5 17.Rxc5 Qxc5 18.Rd5 Qb4 19.Bxe5 h6 20.Rd1 d5 21.Bxd5 Re8 22.Qg6 Qf8
23.Bxg7 Re6 24.Bxe6 Bxe6 25.Qxe6  1-0

[Event "Malmo Open"]
[Site "Malmo SWE"]
[Date "2012.12.15"]
[Round "3"]
[White "Degerfeldt,Sven"]
[Black "Pedersen,NicV"]
[Result "0-1"]
[WhiteElo "1887"]
[BlackElo "2443"]

1.d4 Nf6 2.c4 e6 3.Nc3 Bb4 4.Nf3 c5 5.d5 exd5 6.cxd5 h6 7.Bd2 O-O 8.e3 d6
9.Bc4 Nbd7 10.a3 Nb6 11.Ba2 Ba5 12.O-O Re8 13.Rc1 Bf5 14.Re1 Bxc3 15.Bxc3 Be4
16.Ba5 Qd7 17.Bxb6 axb6 18.Re2 Bxf3 19.gxf3 Qh3 20.Rd2 b5 21.Qf1 Qxf3 22.Qg2 Qh5
23.Re1 Ra4 24.f3 Rf4 25.exf4 Rxe1+ 26.Kf2 Re8 27.Bb1 g6 28.f5 Kg7 29.Qg3 Qg5
30.Qxg5 hxg5 31.fxg6 fxg6 32.Bd3 c4 33.Bf1 g4 34.a4 gxf3 35.Kxf3 bxa4 36.Bxc4 Re4
37.Ba2 b5 38.h3 b4 39.Bb1 Rc4 40.Rg2 Kf7 41.Rxg6 Rd4 42.Rg5 Rd2 43.Rg2 Rxd5
44.Ba2 b3 45.Bb1 Rd1 46.Bg6+ Ke6 47.h4 Rh1 48.h5 d5 49.Bd3 Rxh5 50.Bb5 Rh4
51.Ke3 Rb4 52.Bd3 Rh4 53.Bb5 Rb4 54.Bd3 Kd6 55.Rg3 Ke5 56.Rg5+ Kd6 57.Rg3 Rh4
58.Rg6 Ke5 59.Rg5+ Kd6 60.Rg6 Ke6 61.Rg3 Rh2 62.Kd4 Rxb2 63.Kc3 Rf2 64.Bb1 Rf1  0-1

[Event "TCh-NED Meesterklasse 2012-13"]
[Site "Netherland NED"]
[Date "2012.12.15"]
[Round "5.4"]
[White "Hoeksema,E"]
[Black "Okkes,M"]
[Result "1/2-1/2"]
[WhiteElo "2347"]
[BlackElo "2375"]

1.d4 Nf6 2.c4 e6 3.Nc3 Bb4 4.Nf3 O-O 5.Bg5 c5 6.e3 cxd4 7.exd4 d5 8.cxd5 exd5
9.Be2 h6 10.Bxf6 Bxc3+  1/2-1/2

[Event "Groningen Open A"]
[Site "Groningen NED"]
[Date "2012.12.21"]
[Round "1.6"]
[White "Ernst,S"]
[Black "Duijker,R"]
[Result "1-0"]
[WhiteElo "2562"]
[BlackElo "2242"]

1.d4 Nf6 2.Nf3 e6 3.c4 Bb4+ 4.Nc3 d5 5.g3 c5 6.Bg2 Nc6 7.O-O dxc4 8.dxc5 Qxd1
9.Rxd1 Bxc3 10.bxc3 Ne4 11.Bb2 Nxc5 12.Nd2 Na4 13.Ba3 Nxc3 14.Nxc4 Nxd1 15.Rxd1 Bd7
16.Nd6+ Kd8 17.Nxf7+ Kc7 18.Bd6+ Kb6 19.Bf4 e5 20.Rxd7 exf4 21.Nxh8 Rxh8
22.gxf4 g6 23.e3 a5 24.a4 h6 25.h4 Rb8 26.Rd6 Kc5 27.Rd5+ Kb4 28.Rb5+ Kxa4
29.Bxc6 Rc8 30.Bd7 Rc1+ 31.Kg2  1-0

[Event "6th Augusta Aragon Open"]
[Site "Zaragoza ESP"]
[Date "2012.12.23"]
[Round "2.2"]
[White "Arizmendi Martinez,J"]
[Black "Colom Sienes,E"]
[Result "1/2-1/2"]
[WhiteElo "2576"]
[BlackElo "2028"]

1.d4 e6 2.Nf3 Nf6 3.c4 Bb4+ 4.Nc3 b6 5.Qb3 Bxc3+ 6.Qxc3 O-O 7.Bg5 h6 8.Bh4 d5
9.e3 c5 10.dxc5 g5 11.Bg3 bxc5 12.Bd3 dxc4 13.Bxc4 Ne4 14.Qa3 Nc6 15.O-O Nb4
16.Rad1 Qe7 17.Qa5 Bb7 18.Nd2 Rfd8 19.Nxe4 Bxe4 20.a3 Bd3 21.Rxd3 Nxd3 22.Qc3 Nb4
23.axb4 cxb4 24.Qc2 a5 25.b3 Rac8 26.f4 Qc5 27.Qf2 g4 28.Bh4 Rd7 29.Qe2 h5
30.Bf6 a4 31.Bd4 Rxd4 32.exd4 Qxd4+ 33.Qf2 Qxf2+ 34.Kxf2 a3 35.Ke3 Rd8 36.Rc1 Kg7
37.Bd3 Rd7 38.Bb5 Rd5 39.Bc4 Rd6 40.Bd3 Rd7 41.Kd2 Rd8 42.Kc2 Rc8+ 43.Bc4 Rd8
44.Re1 Ra8 45.Rd1 Ra5 46.Kb1 Rf5 47.g3 h4 48.Be2 hxg3 49.hxg3 Rh5 50.Rd4 Rh1+
51.Bd1 Rg1 52.Kc1 Rg2 53.Rxb4 Rxg3 54.Kd2 Rg2+ 55.Be2 g3 56.Ke3 Rg1 57.Ra4 Re1
58.Kf3 g2 59.Kxg2 Rxe2+ 60.Kf3 Ra2 61.b4 Rb2 62.Rxa3 Rxb4 63.Ra7 Kf6 64.Rc7 Ra4
65.Rb7 Rc4 66.Ra7 Rb4  1/2-1/2

[Event "World Cities Team GpF"]
[Site "Al-Ain UAE"]
[Date "2012.12.24"]
[Round "3.8"]
[White "Sedlak,N"]
[Black "Labib,I"]
[Result "1/2-1/2"]
[WhiteElo "2572"]
[BlackElo "2432"]

1.d4 Nf6 2.c4 e6 3.Nc3 Bb4 4.Nf3 c5 5.g3 d5 6.cxd5 Qxd5 7.Bd2 Bxc3 8.Bxc3 Nc6
9.dxc5 Qxc5 10.Bxf6 gxf6 11.Bg2 e5 12.Nd2 Be6 13.Qa4 Rd8 14.Bxc6+ Qxc6 15.Qxc6+ bxc6
16.O-O-O Ke7 17.b3 Rd4 18.Nb1 Rhd8 19.Rxd4 Rxd4 20.Rd1 Rb4 21.Nc3 f5 22.Na4 Bd5
23.Nc5 Rb5 24.Nd3 Ke6 25.Kd2 f6 26.Kc3 a5 27.f3 h5 28.Re1 Kd6 29.Nb2 Rb4
30.Rd1 Ke7 31.Nd3 Rb8 32.Ra1 h4 33.gxh4 Rg8 34.b4 a4 35.a3 Rg2 36.Re1 Rxh2
37.Nc5 Rxh4 38.Nxa4 Rc4+ 39.Kb2 Rd4 40.Nc3 Bc4 41.Kc2 Kd6 42.Rh1 f4 43.a4 Be6
44.Rd1 f5 45.a5 Bc4 46.Rh1 e4 47.Rh8 Kc7 48.Rf8 Bxe2 49.fxe4 Bd3+ 50.Kb3 Bc4+
51.Kc2 Bd3+ 52.Kb3  1/2-1/2

[Event "22nd North American Open"]
[Site "Las Vegas USA"]
[Date "2012.12.28"]
[Round "5.2"]
[White "Hammer,J"]
[Black "Amanov,Z"]
[Result "1/2-1/2"]
[WhiteElo "2633"]
[BlackElo "2359"]

1.d4 Nf6 2.c4 e6 3.Nc3 Bb4 4.Nf3 b6 5.e3 Bb7 6.Bd3 O-O 7.O-O c5 8.Qe2 Bxc3
9.bxc3 Bxf3 10.Qxf3 Nc6 11.Qh3 e5 12.dxe5 Nxe5 13.Bc2 Re8 14.e4 Nxc4 15.Bg5 Na3
16.Bd3 h6 17.e5 hxg5 18.exf6 g6 19.f4 Qxf6 20.f5 Qg7 21.Qg4 Re5 22.fxg6 fxg6
23.Qa4 c4 24.Bxc4+ Nxc4  1/2-1/2

[Event "XLII Rilton Cup"]
[Site "Stockholm SWE"]
[Date "2013.01.05"]
[Round "9.7"]
[White "Ivanov,Sergey1"]
[Black "Lindberg,Be"]
[Result "1-0"]
[WhiteElo "2550"]
[BlackElo "2432"]

1.d4 Nf6 2.c4 e6 3.Nc3 Bb4 4.Nf3 d5 5.cxd5 exd5 6.Bg5 Nbd7 7.e3 c5 8.Be2 Qa5
9.O-O Bxc3 10.bxc3 Ne4 11.c4 Nc3 12.Qd2 Nxe2+ 13.Qxe2 dxc4 14.Qxc4 cxd4 15.Qxd4 O-O
16.Rac1 Qxa2 17.Rxc8 Rfxc8 18.Qxd7 f6 19.Bf4 Qf7 20.Qb5 a6 21.Qb6 Rc6 22.Qb2 b5
23.Nd4 Rc4 24.Ra1 Qd5 25.g4 g6 26.h3 Kf7 27.Kh2 Rcc8 28.Ra5 Qc4 29.Qa1 b4
30.Nb5 axb5 31.Rxa8 Rxa8 32.Qxa8 b3 33.Qb7+ Ke6 34.Qb6+ Kf7 35.g5 fxg5 36.Bxg5 Qd5  1-0

[Event "Australian Open 2013"]
[Site "Cammeray AUS"]
[Date "2013.01.06"]
[Round "5.37"]
[White "Saleh,Akef"]
[Black "Kethro,Michael"]
[Result "1/2-1/2"]
[WhiteElo "1947"]
[BlackElo "1785"]

1.d4 Nf6 2.c4 e6 3.Nc3 Bb4 4.Nf3 b6 5.Bg5 Bb7 6.e3 O-O 7.Bd3 h6 8.Bh4 c5
9.a3 cxd4 10.exd4 Be7 11.O-O d5 12.Bxf6 Bxf6 13.cxd5 exd5 14.Re1 Nc6 15.Bc2 g6
16.Qd3 Ne7 17.Re2 Bc8 18.Qe3 Kh7 19.h3 Bf5 20.Bb3 Be6 21.g4 Nc6 22.Rae1 Na5
23.Ba2 Rc8 24.Qd3 Nc4 25.Bb1 Rg8 26.Nd1 Qd7 27.Ne3 Nxe3 28.Rxe3 Rce8 29.b4 Qd6
30.Ne5 Bg5 31.Rf3 Rg7 32.Qb5 Bd7 33.Qf1 Be6 34.Rc3 Bd2 35.Rc6 Qd8 36.Rd1 Bf4  1/2-1/2

[Event "11th Parsvnath Open"]
[Site "New Delhi IND"]
[Date "2013.01.06"]
[Round "3.47"]
[White "Anuprita,P"]
[Black "Prince,Ba"]
[Result "0-1"]
[WhiteElo "2099"]
[BlackElo "2270"]

1.d4 Nf6 2.c4 e6 3.Nc3 Bb4 4.Nf3 b6 5.Qb3 Qe7 6.Bg5 Bb7 7.e3 h6 8.Bh4 c5
9.dxc5 Bxc5 10.Be2 O-O 11.O-O d6 12.Qc2 Nbd7 13.a3 a5 14.Rab1 d5 15.cxd5 exd5
16.Rfd1 g5 17.Bg3 Rac8 18.Qd2 Rfd8 19.Nd4 Ne5 20.h4 Ne4 21.Nxe4 dxe4 22.Nf5 Qf6
23.Nxh6+ Kg7 24.hxg5 Qxg5 25.Qc3 Bd4 26.Qe1 Qxh6 27.Rxd4 Rh8  0-1

[Event "Margaryan Mem 2013"]
[Site "Yerevan ARM"]
[Date "2013.01.09"]
[Round "2.1"]
[White "Babujian,L"]
[Black "Benidze,D"]
[Result "1/2-1/2"]
[WhiteElo "2497"]
[BlackElo "2524"]

1.d4 Nf6 2.c4 e6 3.Nc3 Bb4 4.Nf3 b6 5.Bg5 Bb7 6.e3 h6 7.Bh4 g5 8.Bg3 Ne4
9.Nd2 Bxc3 10.bxc3 Nxg3 11.hxg3 d6 12.a4 a5 13.c5 dxc5 14.dxc5 Nd7 15.cxb6 Nxb6
16.Bb5+ Kf8 17.O-O Qf6 18.Nb3 Kg7 19.Qd4 Bd5 20.Qxf6+ Kxf6 21.Nc5 Rhd8 22.Rfd1 Ke7
23.e4 c6 24.Bf1 Bc4 25.Rdb1 Bxf1 26.Rxb6 Bc4 27.Rab1 Rac8 28.Nb7 Rd3 29.Nxa5 Rxc3
30.Nxc6+ Kf6 31.Na7 Ra8 32.Rb7 Bd3 33.Re1 Ra3 34.Re3 g4 35.e5+ Kg6 36.Nc6 R8xa4
37.Rb4 Rxb4 38.Nxb4 Ra1+ 39.Kh2 Bf5 40.Nc6 Ra2  1/2-1/2

[Event "73rd ch-ARM 2013"]
[Site "Yerevan ARM"]
[Date "2013.01.13"]
[Round "2.3"]
[White "Melkumyan,H"]
[Black "Hovhannisyan,R"]
[Result "1/2-1/2"]
[WhiteElo "2656"]
[BlackElo "2615"]

1.d4 Nf6 2.Nf3 e6 3.c4 Bb4+ 4.Nc3 O-O 5.Bg5 c5 6.e3 cxd4 7.exd4 h6 8.Bxf6 Qxf6
9.Bd3 d5 10.O-O dxc4 11.Bxc4 Nc6 12.Ne4 Qd8 13.a3 Be7 14.Qd3 b6 15.Rad1 Bb7
16.Ba2 Qc7 17.Bb1 Rfd8 18.Rfe1 Kf8 19.Ng3 Bf6 20.Qh7 Ne7 21.Nh5 Bxf3 22.Nxf6 gxf6
23.Qxh6+ Ke8 24.gxf3 Nd5 25.Rc1 Qf4 26.Qxf4 Nxf4 27.Rcd1 Ke7 28.Re4 Rg8+
29.Kf1 Nh3 30.Rg4 f5 31.Rg3 Nf4 32.Ba2 Rh8 33.h3 Nxh3 34.Ke2 Nf4+ 35.Ke3 Ng6
36.Rgg1 f4+ 37.Ke2 Rac8 38.Bb1 Rhg8 39.Rg5 Nh4 40.Rh5 Rh8 41.Rxh8 Rxh8 42.Rc1 Kd6
43.Be4 f5 44.Bb7 Rb8 45.Ba6 Ng6 46.Kd3 Ne7 47.Bc4 Rh8 48.Re1 Rh6 49.Bb3 Nc6
50.Ba4 Ne7 51.Bb3 Nd5 52.Rg1 Rh3 53.Ke2 Ne7 54.Bc4 Rh8 55.Bb3 Nc6 56.Rd1 Ne7
57.Rc1 Rd8 58.Kd3 Rh8 59.Ke2 a6 60.Rg1 b5 61.Re1 Rh3 62.Rd1 Rh6 63.Ba2 Rh8
64.Bb3 Rc8 65.Kd3 Rh8 66.Ke2 Nd5 67.Rc1 Nb6 68.Kd3 Rh3 69.Ke2 Rh8 70.Kd3 Rb8
71.Rc2 a5 72.Ba2 Rc8 73.Re2 Nc4 74.a4 e5 75.axb5 e4+ 76.fxe4 fxe4+ 77.Rxe4 Nxb2+
78.Kd2 Nc4+ 79.Ke2 f3+ 80.Kd3 Nb2+ 81.Kd2 Nc4+ 82.Kc3 Na3+ 83.Kd3 Rc2 84.Re6+ Kd7
85.Bd5 Rxf2 86.b6 Rb2 87.Rf6 Ke7 88.Re6+ Kd7 89.Rh6 f2 90.Bg2 Rb3+ 91.Ke2 Rb2+
92.Kf3 Nc4 93.Bh3+ Ke7 94.b7 f1=Q+ 95.Bxf1 Nd6 96.Ba6 a4 97.Kf4 a3 98.Rh3 a2
99.Ra3 Nxb7 100.Bc4 Rb4 101.Bxa2 Rxd4+ 102.Ke5 Rb4 103.Bd5 Nc5 104.Bc6 Nd7+  1/2-1/2

[Event "Margaryan Mem 2013"]
[Site "Yerevan ARM"]
[Date "2013.01.14"]
[Round "8.1"]
[White "Babujian,L"]
[Black "Kravtsiv,M"]
[Result "0-1"]
[WhiteElo "2497"]
[BlackElo "2589"]

1.d4 Nf6 2.c4 e6 3.Nc3 Bb4 4.Nf3 d5 5.cxd5 exd5 6.Bg5 h6 7.Bh4 c5 8.e3 g5
9.Bb5+ Bd7 10.Bxd7+ Nbxd7 11.Bg3 Ne4 12.O-O Bxc3 13.bxc3 O-O 14.dxc5 Ndxc5
15.Be5 Rc8 16.Rc1 Qd7 17.h4 f6 18.Bd4 Qa4 19.Rc2 Ne6 20.Qb1 Rf7 21.Rb2 b6
22.Rb4 Qe8 23.Qd3 Nxd4 24.Rxd4 Rxc3 25.Qd1 Rc8 26.Qb3 Nc3 27.Re1 Kh8 28.Nh2 Rfc7
29.Nf1 Rc4 30.Rxc4 Rxc4 31.hxg5 hxg5 32.Qc2 Kg7 33.Ng3 Ne4 34.Nf5+ Kg6 35.Qd3 Rc3
36.Qd4 Kxf5 37.f3 Qe5 38.fxe4+ dxe4 39.Qd8 Qe6 40.Rd1 Kg6 41.Qb8 Rc2 42.a3 Qc8
43.Qd6 Qg4  0-1

[Event "5th Chennai Open 2013"]
[Site "Chennai IND"]
[Date "2013.01.18"]
[Round "5"]
[White "Murshed,N"]
[Black "Kumaran,B"]
[Result "1/2-1/2"]
[WhiteElo "2476"]
[BlackElo "2222"]

1.d4 Nf6 2.c4 e6 3.Nc3 Bb4 4.Nf3 b6 5.Bg5 Bb7 6.e3 O-O 7.Qb3 Bxc3+ 8.Qxc3 d6
9.Bd3 Nbd7 10.O-O h6 11.Bh4 Re8 12.Nd2 e5 13.b4 a5 14.b5 Qe7 15.Bf5 Qf8 16.Rac1 g6
17.Bxd7 Nxd7 18.d5 f5 19.f4 Qg7 20.Be1 exf4 21.Qxg7+ Kxg7 22.exf4 Nc5 23.Bf2 Re2
24.Bxc5 Rxd2 25.Rf2 Rxf2  1/2-1/2

[Event "Dvorkovich Mem 2013"]
[Site "Taganrog RUS"]
[Date "2013.01.19"]
[Round "5.15"]
[White "Duzhakov,I"]
[Black "Predke,A"]
[Result "0-1"]
[WhiteElo "2316"]
[BlackElo "2503"]

1.d4 Nf6 2.c4 e6 3.Nc3 Bb4 4.Nf3 c5 5.g3 cxd4 6.Nxd4 Ne4 7.Qd3 Nxc3 8.bxc3 Be7
9.Bg2 O-O 10.O-O a6 11.Rd1 d6 12.Ba3 Qc7 13.Rab1 Rd8 14.Be4 g6 15.h4 Bf8
16.Rb3 Nd7 17.Qb1 Qxc4 18.Nf3 d5 19.Bc2 Bg7 20.Kg2 b5 21.h5 e5 22.hxg6 hxg6
23.Rh1 e4 24.Ng5 Qxe2 25.Rh7 Nf6 26.Rxg7+ Kxg7 27.Bc5 Bg4 28.c4 d4 29.Be7 d3
30.Qa1 Rd6 31.Bxd6 Bf3+ 32.Kg1 Rh8 33.Nxf3 Qxf3  0-1

[Event "11th Gibraltar Masters"]
[Site "Caleta ENG"]
[Date "2013.01.22"]
[Round "1.58"]
[White "Zanetti,B"]
[Black "Poetsch,H"]
[Result "0-1"]
[WhiteElo "2030"]
[BlackElo "2437"]

1.d4 Nf6 2.c4 e6 3.Nc3 Bb4 4.Nf3 b6 5.e3 Ne4 6.Qc2 Bb7 7.Be2 O-O 8.O-O Bxc3
9.bxc3 f5 10.a4 d6 11.a5 c5 12.axb6 axb6 13.Rxa8 Bxa8 14.Nd2 Qg5 15.f4 Qg6
16.Bf3 Nd7 17.Nxe4 fxe4 18.Be2 Bc6 19.Qd1 Rd8 20.d5 Bb7 21.Bg4 exd5 22.cxd5 Ba6
23.Be6+ Kf8 24.Rf2 Bc4 25.Qa4 b5 26.Qa5 Qe8 27.Bb2 Ra8 28.Qc7 Ke7 29.g4 Qc8
30.Qxc8 Rxc8 31.g5 Rf8 32.Kg2 Nb6 33.Rd2 Bd3 34.Bc1 Ra8 35.Rf2 Ra1 36.Bb2 Rb1
37.c4 Kf8 38.cxb5 Nc4 39.Bc3 Nxe3+ 40.Kh3 Nc2 41.f5 e3 42.Rf4 Nd4 43.f6 e2
44.fxg7+ Kxg7 45.Kh4 Bg6 46.Rf2 e1=Q 47.Bxe1 Rxe1 48.Rb2 Nxe6  0-1

[Event "Asian Zone 3.3"]
[Site "Tagaytay City PHI"]
[Date "2013.01.23"]
[Round "2.13"]
[White "Nolte,R"]
[Black "Bersamina,Paulo"]
[Result "1/2-1/2"]
[WhiteElo "2460"]
[BlackElo "2206"]

1.d4 Nf6 2.c4 e6 3.Nc3 Bb4 4.Nf3 Nc6 5.Qc2 d6 6.Bd2 O-O 7.a3 Bxc3 8.Bxc3 Qe7
9.e3 a5 10.Be2 e5 11.dxe5 dxe5 12.O-O Bg4 13.h3 Bh5 14.Nxe5 Nxe5 15.Bxh5 Nxh5
16.Qf5 Nxc4 17.Qxh5 f5 18.Rad1 c6 19.Rd4 Nb6 20.e4 fxe4 21.Qg4 Nd5 22.Rxe4 Qf7
23.Bd4 c5 24.Be5 Rae8 25.Qe2 Qf5 26.f3 b5 27.Rd1 Nf4 28.Bxf4 Rxe4 29.fxe4 Qxf4
30.Qxb5 Qe3+ 31.Kh1 Qxe4 32.Qxc5 Qe2 33.Qd5+ Kh8 34.Qd6 Re8 35.Rd2 Qf1+ 36.Kh2 h6
37.Qc7 Qf6 38.b4 axb4 39.axb4 Qg5 40.Qd6 Qf5 41.Qc7 Qg5 42.Rd3 Re7 43.Qg3 Qf5
44.Rb3 Rb7 45.Qd6 Kh7 46.Rf3 Qb1 47.Rf4 Ra7 48.Qd5 Ra1 49.Qf5+ Qxf5 50.Rxf5 Rb1
51.b5 Rb3 52.Rc5 Kg6 53.h4 Kf6 54.h5 g6 55.Rc6+ Kg5 56.hxg6 Kh5 57.Rb6 Kg5
58.Rb8 Kxg6 59.b6 Kg7 60.g3 h5 61.Kg2 Kh7 62.Kf2 Kg7 63.b7 h4 64.gxh4 Kh7
65.Ke2 Kg7 66.Kd2 Kh7 67.Kc2 Rb6 68.h5 Kg7 69.Kc3 Rb1 70.h6+ Kh7 71.Kd4 Rd1+
72.Ke5 Re1+  1/2-1/2

[Event "11th Gibraltar Masters"]
[Site "Caleta ENG"]
[Date "2013.01.25"]
[Round "4.4"]
[White "Vitiugov,N"]
[Black "Kulaots,K"]
[Result "1-0"]
[WhiteElo "2694"]
[BlackElo "2587"]

1.d4 Nf6 2.c4 e6 3.Nc3 Bb4 4.Nf3 d5 5.cxd5 exd5 6.Bg5 h6 7.Bh4 c5 8.e3 c4
9.Be2 g5 10.Bg3 Ne4 11.Rc1 Qa5 12.Ne5 Nc6 13.O-O Nxg3 14.hxg3 Nxe5 15.dxe5 Be6
16.a3 Bxc3 17.Rxc3 h5 18.f4 g4 19.f5 Bd7 20.Qd4 O-O-O 21.b4 Qc7 22.Qxd5 Kb8
23.Rxc4 Bc6 24.Qc5 Rhe8 25.Rd4 Rc8 26.Rd6 Qe7 27.e6 fxe6 28.f6 Qf7 29.Qe5 Ka8
30.b5 Bd5 31.e4 Bb3 32.b6 a6 33.Rb1  1-0

[Event "TCh-CAT Div Hon 2013"]
[Site "Catalonia ESP"]
[Date "2013.01.26"]
[Round "2.7"]
[White "Perez Manas,B"]
[Black "Pascual Genoves,M"]
[Result "1/2-1/2"]
[WhiteElo "2290"]
[BlackElo "2216"]

1.c4 e6 2.Nf3 Nf6 3.Nc3 Bb4 4.d4 b6 5.e3 Bb7 6.Be2 Ne4 7.Qb3 Bxc3+ 8.bxc3 O-O
9.O-O d6 10.Rd1 Nd7 11.a4 a5 12.Ne1 Qh4 13.Nd3 Ng5 14.f3 e5 15.dxe5 dxe5
16.e4 Ne6 17.Be3 Qe7 18.c5 Nexc5 19.Nxc5 Nxc5 20.Qa3 Rfd8 21.Rdb1 Bc6 22.Bb5 Rd6
23.Bxc5 bxc5 24.Bxc6 Rxc6 25.Rb5 Qg5 26.Qc1 Qe7 27.Qe3 Qd6 28.Qe2 c4 29.Rd1 Qa3
30.Qb2 Qxb2 31.Rxb2 Rd6 32.Rxd6 cxd6 33.Rb6 Rd8 34.Rc6 Kf8 35.Rxc4 Rb8 36.Rc6 Rb1+
37.Kf2 Ra1 38.Rxd6 Rxa4 39.Rd5  1/2-1/2

[Event "Asian Zone 3.3 w"]
[Site "Tagaytay City PHI"]
[Date "2013.01.26"]
[Round "6.1"]
[White "Nguyen Thi Thanh An"]
[Black "Medina,W"]
[Result "1/2-1/2"]
[WhiteElo "2279"]
[BlackElo "2309"]

1.d4 Nf6 2.c4 e6 3.Nc3 Bb4 4.Nf3 O-O 5.e3 d5 6.Bd3 c6 7.O-O Nbd7 8.a3 Ba5
9.Qc2 h6 10.Bd2 Re8 11.e4 dxe4 12.Nxe4 Bxd2 13.Qxd2 Nxe4 14.Bxe4 e5 15.Rfe1 exd4
16.Qxd4 Nf6 17.Bc2 Rxe1+ 18.Rxe1 Bg4 19.Qc3 Bxf3 20.Qxf3 Qd2 21.Qe2 Qxe2
22.Rxe2 Rd8 23.Kf1 Kf8 24.Ke1 Rd4 25.b3 a5 26.Rd2 Rxd2 27.Kxd2 c5 28.f3 Ke7
29.Kc3 Kd6 30.b4 axb4+ 31.axb4 b6 32.g3 g5 33.Bf5 Ke5 34.Bc8 h5 35.bxc5 bxc5
36.Kd3 Ne8 37.Bb7 Nd6 38.Bd5 f6 39.Bc6 f5 40.Bd5 f4 41.g4 h4 42.h3 Nc8 43.Bc6 Nd6
44.Bd5 Kf6 45.Kc3 Ke7 46.Kb3 Ne8 47.Kc3 Nf6 48.Bc6 Kd6 49.Bb5 Ke5 50.Kd3 Nh7
51.Bd7 Nf6 52.Bb5 Kd6 53.Kc3 Kc7  1/2-1/2

[Event "11th Gibraltar Masters"]
[Site "Caleta ENG"]
[Date "2013.01.28"]
[Round "7.1"]
[White "Vitiugov,N"]
[Black "Georgiev,Ki"]
[Result "1-0"]
[WhiteElo "2694"]
[BlackElo "2643"]

1.d4 Nf6 2.c4 e6 3.Nc3 Bb4 4.Nf3 c5 5.g3 cxd4 6.Nxd4 O-O 7.Bg2 d5 8.cxd5 Nxd5
9.Qb3 Qb6 10.Bxd5 exd5 11.Be3 Nc6 12.Nxc6 Qxc6 13.Qxb4 d4 14.f3 dxe3 15.O-O Be6
16.Rfd1 Rad8 17.Qa5 b6 18.Qxa7 Rd2 19.Rxd2 exd2 20.Qe7 Bxa2 21.Qe3 Re8 22.Qxd2 Qc5+
23.Kg2 Bc4 24.Ne4 Qe7 25.Qd6 Qb7 26.Re1 h6 27.Kf2 Bd5 28.Nc3 Bc4 29.Ra1 Rc8
30.g4 Re8 31.h4 b5 32.b4 Qc8 33.Ra7 Rd8 34.Qb6 Re8 35.Qd6 Rd8 36.Qe7 Rd2
37.Qe4 Rd8 38.Qe5 Qc6 39.Rc7 Qb6+ 40.Kg2 Qa6 41.Rc5 Qa3 42.Nxb5 Qxb4 43.Qe7 Rf8
44.Nd4 Bd5 45.e3 Qb2+ 46.Kg3 Qb8+ 47.Qc7 Qxc7+ 48.Rxc7 Rd8 49.Kf4 g6 50.h5 gxh5
51.gxh5 Ba2 52.Nf5 Kh7 53.Rc6 Be6 54.Nd4 Bh3 55.Kg3 Bc8 56.Rc7 Kg7 57.Nc6 Re8
58.Kf4 Bh3 59.e4 Ra8 60.Kg3 Be6 61.Nd4 Ra6 62.Kf4 Bh3 63.Rc5 Ra4 64.Rd5 Ra6
65.Ke5 Ra8 66.Kf4 Ra6 67.Rd8 Ra5 68.e5 Ra6 69.Kg3 Be6 70.Rd6 Bc8 71.Nf5+ Kh7
72.Ne7 Bb7 73.Rd7 Rb6 74.e6 Rb3 75.exf7 Rxf3+ 76.Kg4 Kg7 77.Rxb7  1-0

[Event "11th Gibraltar Masters"]
[Site "Caleta ENG"]
[Date "2013.01.28"]
[Round "7.81"]
[White "Zanetti,B"]
[Black "Baert,A"]
[Result "0-1"]
[WhiteElo "2030"]
[BlackElo "2154"]

1.d4 Nf6 2.c4 e6 3.Nf3 Bb4+ 4.Nc3 b6 5.e3 Bb7 6.Be2 Ne4 7.Qb3 Bxc3+ 8.bxc3 O-O
9.O-O f5 10.a4 Rf6 11.Nd2 Rh6 12.Nxe4 Qh4 13.h3 Bxe4 14.f3 Bb7 15.e4 Rg6
16.exf5 exf5 17.c5+ Kh8 18.cxb6 axb6 19.Qf7 Nc6 20.Be3 Re6 21.Bf2 Qe7 22.Qxe7 Nxe7
23.Bb5 Bc6 24.c4 Re2 25.Rfe1 Rxe1+ 26.Rxe1 Bxb5 27.axb5 Ng6 28.c5 Kg8 29.g4 fxg4
30.hxg4 bxc5 31.dxc5 Rb8 32.b6 cxb6 33.cxb6 Kf7 34.Rc1 Nf4 35.Rb1 Nh3+ 36.Kg2 Nxf2
37.Kxf2 Ke6 38.g5 Kf5 39.Rb5+ Ke6 40.Rb1 Kf5 41.Ke3 Kxg5 42.Ke4 h5 43.b7 g6
44.Rb5+ Kh4 45.Ke5 Kg3 46.f4 h4 47.Rb3+ Kg4 48.Rb6 Kh5 49.Kd6 h3 50.Kc7 Rxb7+
51.Kxb7 h2 52.Rb1 Kg4 53.Kc7 Kxf4 54.Kxd7 g5 55.Ke6 g4 56.Rf1+ Ke4  0-1